| 000 | 00000nas 2200000za 4500 |
| 001 | 9.849518 |
| 003 | CaOODSP |
| 005 | 20221107153931 |
| 007 | cr ||||||||||| |
| 008 | 180104d19461948onc x m oss f0###|0fre|d |
| 040 | |aCaOODSP|bfre |
| 043 | |an-cn--- |
| 086 | 1 |aCS3-3F-PDF |
| 130 | 0 |aStatistiques vitales, rapport analytique. |
| 245 | 10|aStatistiques vitales, rapport analytique |h[ressource électronique]. |
| 260 | |a[Ottawa] : |bBureau fédéral de la statistique, |c1946?-1948? |
| 310 | |aIrrégulier |
| 500 | |aPubli. aussi en anglais sous le titre : Vital statistics analytical report. |
| 546 | |aCertaines livr. comportent des textes en français et en anglais; certaines livr. comportent du texte en français ou en anglais seulement. |
| 692 | 07|2gccst|aStatistiques de l'état civil |
| 710 | 1 |aCanada. |bBureau fédéral de la statistique. |
| 775 | 08|tVital statistics analytical report |w(CaOODSP)9.813997 |